<?xml version="1.0" encoding="UTF-8"?>
<record
    xmlns:xsi="http://www.w3.org/2001/XMLSchema-instance"
    xsi:schemaLocation="http://www.loc.gov/MARC21/slim http://www.loc.gov/standards/marcxml/schema/MARC21slim.xsd"
    xmlns="http://www.loc.gov/MARC21/slim">

  <leader>00520nam a22001937b 4500</leader>
  <controlfield tag="003">3228</controlfield>
  <controlfield tag="005">20260216155004.0</controlfield>
  <controlfield tag="008">260216b        sa ||||| |||| 00| 0 eng d</controlfield>
  <datafield tag="020" ind1=" " ind2=" ">
    <subfield code="a">9781905087235</subfield>
    <subfield code="q">Hard back</subfield>
  </datafield>
  <datafield tag="040" ind1=" " ind2=" ">
    <subfield code="a">mpl</subfield>
    <subfield code="c">3228</subfield>
    <subfield code="e">rda</subfield>
  </datafield>
  <datafield tag="082" ind1=" " ind2="0">
    <subfield code="a">595.789 KAN</subfield>
  </datafield>
  <datafield tag="100" ind1=" " ind2=" ">
    <subfield code="9">198590</subfield>
    <subfield code="a">Kent, Tanya</subfield>
  </datafield>
  <datafield tag="245" ind1=" " ind2=" ">
    <subfield code="a">How a caterpillar grows into a butterfly</subfield>
  </datafield>
  <datafield tag="260" ind1=" " ind2=" ">
    <subfield code="a">Britain;</subfield>
    <subfield code="b">Book house,</subfield>
    <subfield code="c">2009</subfield>
  </datafield>
  <datafield tag="300" ind1=" " ind2=" ">
    <subfield code="a">32 pages</subfield>
    <subfield code="b">Colour pictures</subfield>
    <subfield code="c">28 cm</subfield>
  </datafield>
  <datafield tag="490" ind1=" " ind2=" ">
    <subfield code="a">Amaze</subfield>
  </datafield>
  <datafield tag="500" ind1=" " ind2=" ">
    <subfield code="a">Incudes index</subfield>
  </datafield>
  <datafield tag="942" ind1=" " ind2=" ">
    <subfield code="2">ddc</subfield>
    <subfield code="c">BOOK</subfield>
    <subfield code="w">377</subfield>
    <subfield code="x">Lungile Vilakazi</subfield>
    <subfield code="y">377</subfield>
    <subfield code="z">Lungile Vilakazi</subfield>
  </datafield>
  <datafield tag="999" ind1=" " ind2=" ">
    <subfield code="c">792637</subfield>
    <subfield code="d">792636</subfield>
  </datafield>
  <datafield tag="952" ind1=" " ind2=" ">
    <subfield code="0">0</subfield>
    <subfield code="1">0</subfield>
    <subfield code="2">ddc</subfield>
    <subfield code="4">0</subfield>
    <subfield code="7">0</subfield>
    <subfield code="8">500</subfield>
    <subfield code="a">MILAL</subfield>
    <subfield code="b">MILAL</subfield>
    <subfield code="c">Non_Fiction</subfield>
    <subfield code="d">2026-02-16</subfield>
    <subfield code="l">0</subfield>
    <subfield code="o">595.789 KAN</subfield>
    <subfield code="p">024 406</subfield>
    <subfield code="r">2026-02-16</subfield>
    <subfield code="w">2026-02-16</subfield>
    <subfield code="y">BOOK</subfield>
  </datafield>
</record>
